Arabic literature, (Record no. 21336)

MARC details
000 -LEADER
fixed length control field 00304cam a22001331 4500
082 ## - DEWEY DECIMAL CLASSIFICATION NUMBER
Classification number 892.73
Author Cutter GIB
100 1# - MAIN ENTRY--AUTHOR NAME
Author name Gibb, H. A. R.
245 00 - TITLE STATEMENT
Title Arabic literature,
250 ## - EDITION STATEMENT
Edition statement 2d (rev.) ed.
260 ## - PUBLICATION, DISTRIBUTION, ETC. (IMPRINT)
Place of publication Oxford,
Name of publisher Clarendon Press,
Year of publication 1963.
300 ## - PHYSICAL DESCRIPTION
Number of Pages 182 p.
650 #0 - SUBJECT ADDED ENTRY--TOPICAL TERM
Topical Term Arabic literature
942 ## - ADDED ENTRY ELEMENTS (KOHA)
Koha item type Books
Holdings
Home library Current library Shelving location Date acquired Full call number Accession Number Koha item type
Henry Martyn Institute Library Henry Martyn Institute Library General stacks 08/10/2018 892.73 GIB 2647 Books
                   Copyright © 2026 | Henry Martyn Institute | Hyderabad | TS-500052 | INDIA | Implemented by hmi.edu.in
Hit-Count:

Powered by Koha